000 01266nab a22002537a 4500
999 _c6365
_d6365
003 OSt
005 20260131203845.0
008 190603e xxum|||| |||| 00| 0 spa d
040 _cPJ
100 _94160
_aSanchez, Alberto M.
245 1 0 _aResponsabilidad civil de los establecimientos educativos :
_bla incidencia del caso fortuito /
_cAlberto M. Sánchez.
260 _cCiudad Autónoma de Buenos Aires :
_aThomson Reuters La Ley,
_b2025.
300 _ap. 228-238
500 _aCita: TR LALEY AR/DOC/2800/2025 Publicado en: RCCyC 2025 (Diciembre).
505 _aSumario: I. Introducción.— II. Hechos.— III. El fallo de 1ª Instancia.— IV. El fallo de 2ª Instancia.— V. Conclusión.
505 _aFallo comentado: CNCiv., sala I ~ 18/07/2025 ~ R., M. A. c. P., A. D. s/ daños y perjuicios.
505 _t¿Te interesa el texto completo? Solicitalo al correo: koha@justierradelfuego.gov.ar
650 0 _91467
_aRESPONSABILIDAD CIVIL
650 0 _92823
_aDAÑOS Y PERJUICIOS
650 0 _93451
_aRESPONSABILIDAD OBJETIVA
650 0 _aESTABLECIMIENTOS EDUCACIONALES
_93318
773 0 _02713
_93170
_dCiudad Autónoma de Buenos Aires : Thomson Reuters La Ley, 2015-
_tRevista Código Civil y Comercial. Nº 6 - Diciembre 2025
942 _2udc
_cANA